Řízení jakosti a ochrana spotřebitele

Uložené v:
Podrobná bibliografia
Hlavný autor: Veber, Jaromír
Médium: Kniha
Jazyk:Czech
Vydavateľské údaje: Praha GRADA Publishing 2007
Vydanie:2. aktualiz. vyd.
Edícia:Manažer
Predmet:
Tagy: Pridať tag
Žiadne tagy, Buďte prvý, kto otaguje tento záznam!

MARC

LEADER 00000nam$a2200000$$$4500
001 0094910
005 20240313090357.3
020 |a 978-80-247-1782-1 
041 0 |a cze 
044 |a CZ 
245 1 0 |a Řízení jakosti a ochrana spotřebitele  |c Jaromír Veber a kolektiv 
250 |a 2. aktualiz. vyd. 
264 1 |a Praha  |b GRADA Publishing  |c 2007 
300 |a 201 s. 
490 1 |a Manažer 
830 0 |a Manažer 
610 2 0 |a kvalita 
610 2 0 |a riadenie kvality 
610 2 0 |a ochrana spotrebiteľa 
610 2 0 |a kvalita výrobkov 
610 2 0 |a služby 
610 2 0 |a firmy 
610 2 0 |a úpravy právne 
610 2 0 |a normalizácia technická 
610 2 0 |a metrológia 
610 2 0 |a normy ISO 
610 2 0 |a bezpečnosť práce 
100 1 |a Veber, Jaromír